Countries With a Longer Coastline Than China - Sudden Death - Statistics

General Stats
  • This quiz has been taken 11 times
  • The average score is 5 of 9
Answers on the Grid
Answers color-coded by a green-red scale on the quiz's grid according to % correct below.
Argentina
Australia
Brazil
Canada
Chile
Greece
India
Indonesia
Japan
Mexico
Morocco
Norway
Oman
Papua New Guinea
Philippines
Russia
South Africa
Sweden
United Kingdom
United States
 
Answer Stats
Answer % Correct
Canada
100%
Indonesia
78%
Russia
78%
Australia
67%
Norway
67%
United States
67%
Philippines
44%
Brazil
11%
Chile
11%
No matching quizzes found
Score Distribution
Percent of People with Each Score
Percentile by Number Answered
Your Score History
You have not taken this quiz